Central Library and Information Centre
Sibsagar Girls' College, Sivasagar : Assam

SOFTWARE PACKAGES FOR LIBRARY AUTOMATION (Record no. 13401)

MARC details
000 -LEADER
fixed length control field 00448cam a2200181ua 4500
008 - FIXED-LENGTH DATA ELEMENTS--GENERAL INFORMATION
fixed length control field 141204n2000 II |||gr||||Z||||||eng
040 ## - CATALOGING SOURCE
Original cataloging agency MAIN
041 ## - LANGUAGE CODE
-- English
082 ## - DEWEY DECIMAL CLASSIFICATION NUMBER
Classification number 025 MUD
100 ## - MAIN ENTRY--PERSONAL NAME
Personal name MUDHOL, MAHESH V.
245 ## - TITLE STATEMENT
Title SOFTWARE PACKAGES FOR LIBRARY AUTOMATION
260 ## - PUBLICATION, DISTRIBUTION, ETC.
Place of publication, distribution, etc. NEW DELHI
Name of publisher, distributor, etc. ESS ESS PUBLICATION
Date of publication, distribution, etc. 2000
300 ## - PHYSICAL DESCRIPTION
Extent 189:
Dimensions 15CM.
700 ## - ADDED ENTRY--PERSONAL NAME
Personal name VASANTHA, N.
942 ## - ADDED ENTRY ELEMENTS (KOHA)
Koha item type Books
653 ## - INDEX TERM--UNCONTROLLED
Uncontrolled term Library operations
Holdings
Withdrawn status Lost status Damaged status Not for loan Collection code Home library Current library Shelving location Date acquired Full call number Barcode Date last seen Copy number Price effective from Koha item type
        REFENG Central Library and Information Centre Sibsagar Girls College Central Library and Information Centre Sibsagar Girls College Sports Journalism Library sc 23.07.2003 025 MUD 18551 27.02.2020 1 27.02.2020 Books


Sibsagar Girl's College © 2020. All rights reserved.
Powered by Koha.
Maintained by Abhijit Borpuzari.